000 03080nam0a2200373 4500
001 RU\NLR\BIBL_A\012682626
005 20220131145811.0
010 _a978-5-907460-11-9
_9200
021 _aRU
_bКН-П-21-062280
_9КН-П-21-4877
035 _a(NLR Aleph) 012682626
035 _a(RuMoRGB)010797618
090 _a12820509
_c12820509
100 _a20220113d2021 k y0rusy50 ca
101 0 _arus
102 _aRU
105 _aa|||z|||000zy
181 0 _ai
_baxxe
182 1 _an
200 1 _aТранзакционные издержки корпорации: учет и отчетность
_eмонография
_fН.Г. Сапожникова, Самаке Камара Кадиату
203 _aТекст
_bвизуальный
_cнепосредственный
210 _aКалуга
_cЭйдос
_cСтрельцов И.А.
_d2021
215 _a165, [1] с.
_cил., табл.
_d21
320 _aБиблиогр.: с. 135-151 (199 назв.)
330 _aВ монографии рассмотрены теоретические и организационно-методические положения и обоснованы практические рекомендации по формированию системы корпоративного учета транзакционных издержек, составлению корпоративной отчетности о транзакционных издержках в целях обеспечения информацией заинтересованные стороны. На основе институционального подхода обоснованы роль и значение транзакционных издержек в экономической деятельности корпораций, как объектов корпоративного учета, разработана типология транзакционных издержек; обоснован состав транзакционных издержек; сформирована система счетов, разработаны учетные регистры, обобщающие издержки; предложен комплекс форм корпоративной отчетности раскрывающих информацию для принятия экономических решений
606 1 _aКорпорации
_xБухгалтерский учет
_xОтчетность
_yРоссийская Федерация
_92143058
_3RU\NLR\AUTH\661596032
610 0 _aтрансакционные издержки, бухгалтерский учет
686 1 _aУ052.9(2)229-15(2Р)
700 1 _aСапожникова
_bН. Г.
_cд-р экон. наук
_gНаталья Глебовна
_9137503
_3RU\NLR\AUTH\770137538
701 0 _5z
_7ca
_8rus
_aСамаке Камара Кадиату
_9238535
_3RU\NLR\AUTH\770238591
942 _cBOOK
980 _aNB